000 00422nam a2200157Ia 4500
008 230312s9999||||xx |||||||||||||| ||und||
020 _a080506933
082 _a332.03
_bDIC
100 _aGretchen Morgenson
245 0 _aDictionary Of Money and Investing
260 _bTimes Books, Henry holt and company
_aNew York
_c2002
300 _a382
546 _aEng.
650 _aDictionary
_vMoney and Investment
942 _cBK
999 _c4630
_d4630